| 000 | 004400000a22001570004500 | ||
|---|---|---|---|
| 090 |
_aAR _b01481 |
||
| 245 | 1 | 0 | _aGenetics of species formation |
| 650 | 1 | 4 |
_aAnálisis genético _975159 |
| 650 | 1 | 4 |
_aEvolución _992797 |
| 650 | 1 | 4 |
_aEspeciación _917207 |
| 650 | 1 | 4 |
_aSelección natural _98289 |
| 041 | 0 | _aInglés | |
| 100 | 1 |
_aLewontin, Richard C. _994824 |
|
| 942 | _cARTICULO | ||
| 773 | 1 |
_tGenetic Basis of Evolutionary _3531 _q159-186 _d1974 |
|
| 999 |
_c10565 _d10565 |
||